000 nam a22 a 4500
999 _c143299
_d143299
003 BLK
005 20230119135041.0
008 180409b bul|||||r ||||||| ||bul||
010 _aKNG00149418000
040 _aBLK
041 _aBUL
_cBUL
080 _aБългарска литература
_b821.163.2
_x-93-32
_z821.163.2-93-32
100 1 _aЦарев, Ради Георгиев
_eпърви автор
_9379681
139 _aЦарев, Ради Георгиев
_bЦ 21
245 1 0 _aПо следите на дивите животни
_bРазкази за деца
_cРади Георгиев Царев; худож. Борис Бранков; с послесл. от Стефан Ланджев.
257 _aBGR
260 _aСофия
_bОтечество
_c1986
300 _a160 с.
_bс ил.
_c21 см
380 _aDX
500 _a25 115 тир.
700 1 _aБранков, Борис
_eхудож.
_9327182
700 1 _aЛанджев, Стефан
_eс послесл. от
_9327929
852 _aЦб 262372
856 4 _qpdf
_i0.76
_ldisable
856 4 _qpdf
_i0.76
_ldisable
942 _cKNG
_n0
_s1
944 _aCR
_c16.08.2013
_l16.08.2013 - от С1,Р / 16.08.2013
_kСерджан_Ахмедов
944 _aED
_c14.09.2017
_l16.08.2013 - от С1,Р / 16.08.2013
_kМилена_Ачева
999 _d143299